000 00685nam a22002057a 4500
005 20170530170506.0
010 _aENG-118468
020 _a9788182903883
_c995.00
035 _aEN-102000
037 _bDBAD/PUB
082 _a230.64
245 _a Kumbh Mahākumbh :
_cedited Ratnā Lāhiṛī,Vidya Niwas Mishra [and] Ram Naresh Tripathi
_bmythological, spiritual and practical /
260 _aGurgaon
_bShubhi Publications
_c2016
270 _a479 Sector-14
_bGurgaon
_e122001
300 _a176p. :
_c24cm(Hb)
_bill (map)
700 _a Lāhiṛī, Ratnā
700 _aMishra,Vidya Niwas
700 _aTripathi, Ram Naresh
942 _2ddc
_cEN
_mKUM
_h230.64
999 _c140589
_d140589